Statistics for Guess the Taylor Swift Song with ___ in the title

Click here to take the quiz!

General Stats

  • This quiz has been taken 48 times
  • The average score is 8 of 15

Answer Stats

Has The Word:Songs:% Correct
GreatThe Great War
92%
TiedTied Together With a Smile
85%
ComeCome Back... Be Here
79%
TiedDancing With Our Hands Tied
79%
Greatthe last great
american dynasty
79%
InCome In With the Rain
69%
It...Ready For It?
51%
ItSo It Goes...
46%
ItCall It What You Want
38%
ComeCome In With the Rain
38%
ItShake It Off
33%
InYou Are In Love
33%
InA Place In This World
28%
Ittolerate it
28%
InMessage In A Bottle
21%

Score Distribution

Percentile by Number Answered

Percent of People with Each Score

Your Score History

You have not taken this quiz